Bhutan's case : (Record no. 3151)

MARC details
000 -LEADER
fixed length control field 00638nam a2200193 4500
001 - CONTROL NUMBER
control field 3853
005 - DATE AND TIME OF LATEST TRANSACTION
control field 20181127172118.0
010 00 - LIBRARY OF CONGRESS CONTROL NUMBER
LC control number
020 00 - INTERNATIONAL STANDARD BOOK NUMBER
International Standard Book Number 9789993628224
090 00 - LOCALLY ASSIGNED LC-TYPE CALL NUMBER (OCLC); LOCAL CALL NUMBER (RLIN)
Classification number (OCLC) (R) ; Classification number, CALL (RLIN) (NR) 302.14 N27711b 2013
100 ## - MAIN ENTRY--PERSONAL NAME
Personal name Dorji, Lham.
Numeration
Titles and words associated with a name
Dates associated with a name
Relator term
Fuller form of name
245 00 - TITLE STATEMENT
Title Bhutan's case :
Remainder of title Social capital, household welfare and happiness /
Statement of responsibility, etc. Lham Dorji.
Medium
260 00 - PUBLICATION, DISTRIBUTION, ETC.
Place of publication, distribution, etc. Thimphu :
Name of publisher, distributor, etc. National Statistics Bureau,
Date of publication, distribution, etc. 2013.
300 00 - PHYSICAL DESCRIPTION
Extent 157 p. ; 23 cm.
500 00 - GENERAL NOTE
General note Monograph no 5.
650 ## - SUBJECT ADDED ENTRY--TOPICAL TERM
Topical term or geographic name entry element Happiness
Form subdivision
General subdivision
Chronological subdivision
Geographic subdivision Bhutan.
Source of heading or term
Topical term or geographic name entry element Social capital (Sociology) --Bhutan
General subdivision
856 ## - ELECTRONIC LOCATION AND ACCESS
Host name
Uniform Resource Identifier <a href="http://www.nsb.gov.bt/publication/files/pub3zq3114tw.pdf">http://www.nsb.gov.bt/publication/files/pub3zq3114tw.pdf</a>
Link text Bhutan's case.
Public note
Materials specified
Holdings
Withdrawn status Lost status Source of classification or shelving scheme Damaged status Not for loan Collection code Home library Current library Shelving location Date acquired Serial Enumeration / chronology Inventory number Total Checkouts Full call number Barcode Date last seen Copy number Price effective from Koha item type Date last checked out Total Renewals
    Dewey Decimal Classification     Main TEST RTC Library RTC Library Main opac 12/01/2022 6521   302.14 NAT 30006563 12/01/2022 6 27/11/2018 Main    
    Dewey Decimal Classification     Main TEST RTC Library RTC Library Main opac 12/01/2022 6522 1 302.14 NAT 30006245 12/01/2022 5 27/11/2018 Main 06/06/2019  
    Dewey Decimal Classification     Main TEST RTC Library RTC Library Main opac 12/01/2022 6520 3 302.14 NAT 30006412 19/03/2026 7 27/11/2018 Main 19/03/2026  
    Dewey Decimal Classification     Main TEST RTC Library RTC Library Main opac 12/01/2022 6523 1 302.14 NAT 30006567 12/01/2022 4 27/11/2018 Main 13/08/2019  
    Dewey Decimal Classification     Main TEST RTC Library RTC Library Main opac 12/01/2022 6524 1 302.14 NAT 30006559 17/04/2026 3 27/11/2018 Main 19/03/2026 2
    Dewey Decimal Classification     Main TEST RTC Library RTC Library Main opac 12/01/2022 6525 1 302.14 NAT 30006429 15/04/2023 2 27/11/2018 Main 13/03/2023 2
    Dewey Decimal Classification     Main TEST RTC Library RTC Library Main opac 12/01/2022 6526 1 302.14 NAT 30006571 12/01/2022 1 27/11/2018 Main 06/06/2019  
    Dewey Decimal Classification     RCSC Books RTC Library RTC Library RCSC Books 09/07/2021 7050   302.14 NAT 30009935 27/11/2018 9 27/11/2018 RCSC    
    Dewey Decimal Classification     Main TEST RTC Library RTC Library Main opac 12/10/2021 7049 1 302.14 NAT 30009921 19/03/2026 8 27/11/2018 Main 19/03/2026  
    Dewey Decimal Classification     Main TEST RTC Library RTC Library Main opac 12/01/2022 7645 1 302.14 NAT 30007732 12/01/2022 10 27/11/2018 Main 01/04/2019 1
Royal Thimphu College || All Right Reserved